Name The That 70s Show Gangs Other Names Quiz Stats

 Plays Quiz not verified by Sporcle

Challenge
Share
Tweet
Embed
Score 0/5 Timer 05:00
0 Plays Today
Hint Answer % Correct
Eric's Feminine NameErica
96.1%
Jackie's Male NameJack
91.3%
Donna's Male NameDon
88%
Kelso's Feminine NameMichelle
81.4%
Hyde's Feminine NameHeidi
60.7%

You're not logged in!

Compare scores with friends on all Sporcle quizzes.
OR
Log In

You Might Also Like...

Show Comments

Extras

Created Jun 28, 2011ReportNominate
Tags:Show Quiz, 1970s, brought, gang, gender, idea

Top Quizzes Today


Score Distribution

Your Account Isn't Verified!

In order to create a playlist on Sporcle, you need to verify the email address you used during registration. Go to your Sporcle Settings to finish the process.

Report this User

Report this user for behavior that violates our Community Guidelines.

Details: